| 000 | 00464nam a2200169Ia 4500 | ||
|---|---|---|---|
| 008 | 151213s9999 xx 000 0 und d | ||
| 082 |
_a512 _b512 |
||
| 100 | _aProfesors Abdur Rahman | ||
| 245 |
_aCollege Higher Algebra _cProfesors Abdur Rahman |
||
| 250 | _a3rd | ||
| 260 |
_aBangla Bazar Dhaka _bNahar Book Dipo and Pablications _c2006 |
||
| 300 | _a9220 p. | ||
| 650 | _aMath | ||
| 650 | _aMathematics | ||
| 700 | _aProfesors Abdur Rahman | ||
| 999 |
_c4716 _d4716 |
||